000 01101nas a2200337 4500
001 BR2015004757
003 BR-BrBNA
005 20231205125637.0
007 ta
008 230509b bl.|||p| |||| 00| 00por d
040 _aBR-BrBNA
_bpor
_cBiblioteca Nacional de Agricultura
041 _a(Es)
072 _aN20; U10
100 1 _aBorges, P.H.M.
100 1 _aBianchini, A.
100 1 _aMaia, J.C.S.
100 1 _aFernándes, H.C.
100 1 _aMendoza, Z.M.S.H.
245 1 _aDemanda tractiva en función de la resistencia mecánica del suelo a la penetración
246 1 _aTractive demand as function of soil mechanical resistance to penetration
650 _aMAQUINA AGRICOLA
650 _aMODELO MATEMATICO
650 _aRESISTENCIA
650 _aPROPRIEDADE MECANICA
650 _aANALISE
650 _aTRACAO MOTORIZADA
773 0 _tEngenharia Agrícola (Brazil)
_xISSN 1809-4430
_g(Mar-Apr 2014), v. 34(2) p. 273-285
_wBR2015004757
856 4 0 _uhttp://www.scielo.br/pdf/eagri/v34n2/a09v34n2.pdf
909 _a202311
_bLúcia
_c55
_dLúcia Elande
942 _2AGRIS
_n0
_cANA
999 _c245343
_d245343